000 00483 a2200169 4500
003 OSt
005 20250610135732.0
008 250528b |||||||| |||| 00| 0 eng d
020 _a9789353337759
040 _coclc
082 _a923.254
_bSIN/P
100 _aSingh, N K
_93668
245 _aPortraits of Power /
_cN.K. Singh
260 _aNew Delhi:
_bRupa Publications,
_c2020.
300 _a384 pages
942 _2ddc
_cBK
_h923.254
_iSIN/P
_k923.254
_mSIN/P
999 _c44567
_d44567